Представление документа в формате RUSMARC

ПолеНазваниеЗначение
  Тип записи a
  Библиографический уровень m
001 Контрольный номер RU/SLIB/B/208715525
005 Дата корректировки 20201206203926.7
010 Индекс ISBN __
d Цена 2-14
101 Язык документа __
a Язык текста ger
200 Заглавие и сведения об ответственности 1_
a Заглавие Sonderabteilung
e Сведения, относящиеся к заглавию на нем. яз.
b Общее обозначение материала Текст
200 Заглавие и сведения об ответственности __
d Параллельное заглавие Особое подразделение
210 Выходные данные __
a Место издания М.
c Издательство Пpогpесс
d Дата издания 1973
215 Физическое описание __
a Объем 340 с.
600 Персоналии __
a Персоналии (Фамилия) Кожевников, В.
606 Тематические рубрики __
a Основная рубрика Художественная литература
606 Тематические рубрики __
a Основная рубрика Русская литература XX в. (произведения)
610 Ключевые слова __
a Ключевые слова Великая Отечественная война; прозаики; повести; тема героизма; тема войны; тема фронта; немецкий язык
686 Индексы других классификаций __
a Классификационный индекс 84(2Рос=Рус)6-4
700 Автор _1
a Фамилия Koshewnikow
b Имя W.
4 Код отношения 070
790 Имя лица - альтернативная форма __
a Имя лица - альтернативная форма Кожевников, В.
801 Источник записи _0
a Страна RU
b Организация Муниципальное бюджетное учреждение культуры "Централизованная библиотечная система" г. Сургут (Центральная городская библиотека им. А. С. Пушкина)
g Правила каталогизации К/Кундохова
801 Источник записи _1
a Страна RU
b Организация Муниципальное бюджетное учреждение культуры "Централизованная библиотечная система" г. Сургут (Центральная городская библиотека им. А. С. Пушкина)
g Правила каталогизации К/Кундохова
852 Данные о местонахождении __
j Шифр хранения 84(2Рос=Рус)6-4
c Каталожный индекс 84(2Рос=Рус)6-4
i Авторский знак K 76
p Инвентарный номер 29755(с)
901 Тип документа __
t Тип документа m
990 Данные о заказе (DOS) __
j Количество экземпляров (DOS) 1